Catálogo
 En Linea

De un siglo a otro (Registro nro. 50655)

Detalles MARC
000 -CABECERA
campo de control de longitud fija 00994nam a22002417a 4500
003 - IDENTIFICADOR DEL NÚMERO DE CONTROL
campo de control DO-SdBNP
005 - FECHA Y HORA DE LA ÚLTIMA TRANSACCIÓN
campo de control 20240403120313.0
007 - CAMPO FIJO DE DESCRIPCIÓN FÍSICA--INFORMACIÓN GENERAL
campo de control de longitud fija ta
008 - DATOS DE LONGITUD FIJA--INFORMACIÓN GENERAL
campo de control de longitud fija 210927b ||||| |||| 00| 0 eng d
020 ## - NÚMERO INTERNACIONAL ESTÁNDAR DEL LIBRO
Número Internacional Estándar del Libro 9789945454123
040 ## - FUENTE DE LA CATALOGACIÓN
Centro catalogador/agencia de origen DO-SdBNP
Lengua de catalogación spa
Centro/agencia transcriptor BNPHU
082 4# - NÚMERO DE LA CLASIFICACIÓN DECIMAL DEWEY
Número de edición 22
Número de clasificación 972.93054
Número de documento/Ítem H557s
100 1# - ENTRADA PRINCIPAL--NOMBRE DE PERSONA
Nombre de persona Hernández, Frank Marino
9 (RLIN) 80038
Fechas asociadas al nombre 1936-2007.
245 10 - MENCIÓN DE TÍTULO
Título De un siglo a otro
Resto del título economía, desarrollo y política en RD /
Mención de responsabilidad, etc. Frank Marino Hernández.
260 ## - PUBLICACIÓN, DISTRIBUCIÓN, ETC.
Lugar de publicación, distribución, etc. Santo Domingo :
Nombre del editor, distribuidor, etc. Manatí,
Fecha de publicación, distribución, etc. 2008.
300 ## - DESCRIPCIÓN FÍSICA
Extensión 410 p. :
Dimensiones 23 cm
500 ## - NOTA GENERAL
Nota general Incluye datos biográficos del autor en la solapa de la cubierta
505 ## - NOTA DE CONTENIDO CON FORMATO
Nota de contenido con formato Incluye índice general
Título I. Visión general --
-- II. Repartición del poder político --
-- III. Gestión de cuestiones del estado --
-- IV. Responsabilidades --
-- V. Internacionales --
-- VI. Razones del corazón --
-- Preánbulo --
590 ## - NOTA LOCAL (RLIN)
Nota local Inventariado, 2021 / SA
700 ## - PUNTO DE ACCESO ADICIONAL--NOMBRE DE PERSONA
9 (RLIN) 6466
Nombre de persona Alcántara, Virgilio
Término indicativo de función/relación Corrección
910 ## - DATOS DE OPCIÓN DEL USUARIO (OCLC)
Datos de opción del usuario Saquino
942 ## - ELEMENTOS DE PUNTO DE ACCESO ADICIONAL (KOHA)
Fuente del sistema de clasificación o colocación Dewey Decimal Classification
Tipo de ítem Koha Libro
Existencias
Estado de retiro Estado de pérdida Fuente del sistema de clasificación o colocación Restricciones de uso No para préstamo Código de colección Localización permanente Ubicación/localización actual Ubicación en estantería Fecha de adquisición Fuente de adquisición Total de préstamos Signatura topográfica completa Código de barras Fecha visto por última vez Precio válido a partir de Tipo de ítem Koha Nota pública
    Dewey Decimal Classification Excluido de préstamo   Monografías: Libros y Folletos Biblioteca Nacional Pedro Henríquez Ureña Patrimonio Dominicano En catalogación 19.08.2019 Deposito Legal   BNPHU PD RD972.93054 H557s 2021-27022 27.09.2021 27.09.2021 Libro S/A

Con tecnología Koha